000 00331nam a2200133Ia 4500
008 240624s9999 xx 000 0 und d
041 _aeng
082 _a658.827 AAK
100 _aAAKER DAVID A
245 _aBRAND LEADERSHIP
260 _c2000
_aLondon
_bFree Press Business
300 _axii, : 351 : p. : cm. ; 23
365 _c
_b20
999 _c6887
_d6887